Starkid Firebringer lyrics II Quiz Stats

 Plays Quiz not verified by Sporcle

Challenge
Share
Tweet
Embed
Score 0/233 Timer 10:00
0 Plays Today
% Correct
I
92.3%
I
92.3%
I
92.3%
I
92.3%
I
92.3%
we
85.2%
we
85.2%
we
85.2%
we
85.2%
We
85.2%
We
85.2%
we
85.2%
we
85.2%
the
83.2%
do
81.3%
do
81.3%
do
81.3%
do
81.3%
do
81.3%
do
81.3%
do
81.3%
do
81.3%
do
81.3%
do
81.3%
do
81.3%
do
81.3%
do
81.3%
do
81.3%
do
81.3%
do
81.3%
do
81.3%
to
80.6%
to
80.6%
to
80.6%
to
80.6%
it
75.5%
it
75.5%
it
75.5%
it
75.5%
it
75.5%
it
75.5%
it
75.5%
it
75.5%
it
75.5%
it
75.5%
it
75.5%
it
75.5%
it
75.5%
it
75.5%
it
75.5%
it
75.5%
go!
73.5%
no
73.5%
no
73.5%
no
73.5%
no
73.5%
no
73.5%
go!
73.5%
no
73.5%
go!
73.5%
you
72.9%
you
72.9%
what
72.9%
you
72.9%
you
72.9%
you
72.9%
what
72.9%
together
71.6%
together
71.6%
together
71.6%
together
71.6%
together
71.6%
together
71.6%
together
71.6%
Together
71.6%
together
71.6%
together
71.6%
together
71.6%
% Correct
together
71.6%
together
71.6%
together
71.6%
together
71.6%
together
71.6%
together
71.6%
together
71.6%
together
71.6%
together
71.6%
together
71.6%
together
71.6%
together
71.6%
together
71.6%
and
71%
and
71%
and
71%
and
71%
if
70.3%
are
70.3%
if
70.3%
are
70.3%
if
70.3%
if
70.3%
are
70.3%
in
69.7%
be
69.7%
in
69.7%
be
69.7%
in
69.7%
there
68.4%
think
67.7%
your
67.1%
let's
67.1%
let's
67.1%
let's
67.1%
let's
67.1%
let's
67.1%
is
67.1%
let's
67.1%
let's
67.1%
let's
67.1%
let's
67.1%
lets
67.1%
let's
67.1%
let's
67.1%
let's
67.1%
let's
67.1%
let's
67.1%
let's
67.1%
about
66.5%
our
66.5%
on
66.5%
on
66.5%
on
66.5%
on!
66.5%
our
66.5%
on
66.5%
on
66.5%
our
66.5%
on
66.5%
on
66.5%
on
66.5%
never
65.8%
just
65.8%
nothing
65.8%
just
65.8%
just
65.8%
underestimate
65.2%
But
65.2%
come
64.5%
this
64.5%
come
64.5%
come
64.5%
come
64.5%
this
64.5%
come
64.5%
come
64.5%
this
64.5%
% Correct
come
64.5%
come
64.5%
come
64.5%
consequence
63.9%
way
63.9%
competence
63.2%
now
63.2%
now
63.2%
now
63.2%
time
62.6%
time
62.6%
then
61.9%
It's
61.9%
us
61.9%
us
61.9%
then
61.9%
It's
61.9%
us
61.9%
then
61.9%
There's
61.3%
can't
61.3%
There's
61.3%
there's
61.3%
gotta
59.4%
gotta
59.4%
delay
58.1%
when
58.1%
standing
57.4%
fear
57.4%
fear
57.4%
my
57.4%
tribe!
56.8%
nothing's
56.1%
mighty
56.1%
will
54.8%
save
54.8%
will
54.8%
face
54.2%
we're
54.2%
side
54.2%
one
54.2%
we're
54.2%
spears
53.5%
by
53.5%
matter
52.9%
weather
52.9%
better
52.9%
you're
52.9%
matter
52.9%
weather
52.9%
against
52.3%
more
52.3%
what's
52.3%
match
51.6%
always
51.6%
I'd
51%
ahhh
50.3%
retreat
49.7%
rather
49.7%
ahhh
49.7%
beside
49%
such
48.4%
force
48.4%
tried
48.4%
'cause
47.7%
'Cause
47.7%
even
47.7%
'Cause
47.7%
up!
47.1%
else
47.1%
Hey
46.5%
beat
46.5%
He'll
45.8%
couldn't
45.8%
stop
45.8%
Catch
45.2%
given
38.7%

You're not logged in!

Compare scores with friends on all Sporcle quizzes.
Join for Free
OR
Log In

You Might Also Like...

Show Comments

Extras

Created Jan 8, 2017ReportNominate
Tags:Song Quiz, starkid

Top Quizzes Today


Score Distribution

Your Account Isn't Verified!

In order to create a playlist on Sporcle, you need to verify the email address you used during registration. Go to your Sporcle Settings to finish the process.

Report this User

Report this user for behavior that violates our Community Guidelines.

Details: